LIBRARY & INFORMATION CENTRE, KCAET, TAVANUR

ONLINE PUBLIC ACCESS CATALOGUE (OPAC)

Dictionary of water and water engineering / (Record no. 9196)

MARC details
000 -LEADER
fixed length control field 00431cam a2200169ua 4500
041 ## - LANGUAGE CODE
Language code of text/sound track or separate title eng
082 ## - DEWEY DECIMAL CLASSIFICATION NUMBER
Classification number 028.73553
Item number NEL/DI
100 ## - MAIN ENTRY--AUTHOR NAME
Personal name Nelson, A .
245 ## - TITLE STATEMENT
Title Dictionary of water and water engineering /
250 ## - EDITION STATEMENT
Edition statement 1 /
260 ## - PUBLICATION, DISTRIBUTION, ETC. (IMPRINT)
Place of publication London :
Name of publisher Butterworth Scientific ,
Year of publication 1973.
300 ## - PHYSICAL DESCRIPTION
Number of Pages 271 ; .
700 1# - ADDED ENTRY--PERSONAL NAME
Personal name Nelson, K D .
942 ## - ADDED ENTRY ELEMENTS (KOHA)
Koha item type Books
Holdings
Withdrawn status Lost status Damaged status Home library Current library Date acquired Full call number Accession Number Koha item type
      KAUAET KAUAET 19/08/1986 028.73553 15372 Reference
free website counter